[Event "1.ceska liga"]
[Site "?"]
[Date "2005.11.13"]
[Round "2"]
[White "Stross,  Frantisek"]
[Black "Kopal,  Josef"]
[Result "1-0"]
[WhiteElo "2288"]
[BlackElo "2308"]
[Annotator "Frantisek Stross"]
[PlyCount "125"]
[EventDate "2000.12.02"]

1. d4 {V dnesni pocitacove dobe je vhodne byt nejmene obourukym hracem, proto
ode me souperi neuvidi pouze 1.e4.} d5 2. c4 c6 3. Nf3 e6 4. Nc3 Nf6 5. Bg5
dxc4 {Uvod ke zname a velice ostre Botvinnikove variante. Bez potrebnych
teoretickych znalosti a dukladne pripravy se hrat neda.} 6. e4 b5 7. e5 h6 8.
Bh4 g5 9. Nxg5 hxg5 10. Bxg5 Nbd7 11. g3 {Timto se bily vyhyba nekterym
vedlejsim variantam, ktere by mohly vzniknout po okamzitem 11.exf6. Jezdec z
f6 neutece.} Bb7 12. Bg2 Qb6 13. exf6 O-O-O 14. O-O c5 15. d5 b4 16. Na4 Qb5
17. a3 exd5 18. axb4 cxb4 19. Be3 Nc5 20. Nxc5 ({
Znal jsem partii Haba - Kopal, z MCR muzu 2003, ktera pokracovala} 20. Qg4+ Rd7
21. Bxc5 Bxc5 22. Qg7 Rhd8 $1 {a cerny nakonec pekne vyhral.}) 20... Bxc5 21.
Qg4+ Rd7 (21... Kb8 $5 22. Qf4+ Ka8 23. Qc7 Rc8 24. Qxf7 Rhf8 25. Qg7 Rg8 26.
Qh7 Rh8 27. Qg7 {1/2 Charitonov - Dorfman, Volgodonsk 1981}) 22. Qg7 (22. Bxc5
Qxc5 23. Rfe1 Kc7 24. h4 Rhd8 $13 {Van Wely - Sirov, Monako 2004}) 22... Rhd8 (
22... Rdd8) 23. Bh3 $5 (23. Bxc5 Qxc5 24. Bh3 Kc7 $5 25. Bxd7 Rxd7 26. Qg5 Kb6
27. Qf5 (27. h4 d4 28. Qf4 c3 29. bxc3 dxc3 30. Rfc1 Rd3 {
0:1 Endean - Canizares, email 2003}) (27. Rfe1 d4 {
a bily cerne pesce nezastavi. Dufek}) 27... Rd6 28. Qh7 Rd7 29. Qf5 $11) (23.
Bf4 d4 (23... Bc6 $5) 24. Bh3 Bd5 $13) 23... d4 24. Bf4 Qc6 25. f3 Qd5 $146 {
Tento tah je novinkou.} (25... d3+ 26. Kg2 Qd5 27. Ra5 Bc6 28. Rxc5 Qxc5 29.
Qxf7 Qd4 30. Bxd7+ Bxd7 31. Rc1 {1:0 Golovecenko - Kurotjka, kor. 1991}) 26.
Ra5 Bc6 27. Bxd7+ Rxd7 28. Rxc5 {Korektni protiobet kvality.} Qxc5 29. Qg8+ Rd8
30. Qxf7 d3+ 31. Kg2 Bd5 32. Qh5 c3 $2 {
Predcasny postup, ktery stoji cerneho partii.} ({Cerny mel zkusit} 32... Kb7
$13 {s ideou Ka8. Teprve po vylepseni krale se pak muze venovat postupu pescu.
Hra by pak byla velice velice nejasna presne v duchu Botvinnikovy varianty.})
33. bxc3 b3 ({Pozde si cerny uvedomil, ze po} 33... bxc3 {prijde} 34. Rb1 $18)
34. c4 $18 d2 35. Bxd2 ({Slo napr i} 35. cxd5 $18 {
, ale tah v partii mi prisel nejjednodusi.}) 35... Bxf3+ 36. Qxf3 Rxd2+ 37. Kh3
Rd8 38. Qf5+ {Znovu prakticke reseni v casove tisni. Koncovka je bezpecne
vyhrana bez sebemensiho rizika.} (38. Qxb3 $18) (38. f7 $18) 38... Qxf5+ 39.
Rxf5 Rf8 40. Rb5 Rxf6 41. Rxb3 a5 42. g4 a4 43. Ra3 Ra6 44. g5 Kd7 45. Kg4 Ke7
46. h4 Kf7 47. h5 Ra5 48. c5 Rxc5 49. Rxa4 Rc7 50. h6 Kg6 51. Ra6+ Kh7 52. Kh5
Rc5 53. Ra7+ Kg8 54. Re7 Ra5 55. Kg6 Ra6+ 56. Kf5 Rb6 57. g6 Rb5+ 58. Kf6 Rb6+
59. Re6 Rb8 {Zakladni pozice teto koncovky. Bily ma nekolik cest k vyhre, jen
si musi dat pozor na predcasny postup nektereho z pescu a pripadne patove
motivy. Univerzalni postup, jak vyhrat tuto koncovku mi po partii ukazal
velmistr Vokac. Bily prevede krale na 7. radu s nasledujici vymenou vezi na 8.
rade. Je zajimave, ze na turnaji v Teplicich o pul roku pozdeji jsem mel proti
IM Talovi tu samou koncovku, akorat s pesci na druhe strane. Tam jsem jiz
pouzil plan doporuceny Vokacem...} 60. Rc6 Re8 61. Rc7 Kh8 62. Rf7 ({
"Vokacova" metoda vypada napr. takto} 62. Re7 Rf8+ 63. Ke6 Ra8 64. Rd7 Re8+ 65.
Kd6 Ra8 66. Ke7 {s dalsim 67.Vd8+}) 62... Kg8 63. g7 (63. g7 Kh7 (63... Ra8 64.
Rf8+ Rxf8+ 65. gxf8=Q+ Kxf8 66. h7 $18) 64. Rf8 Rxf8+ 65. gxf8=R $18 (65.
gxf8=Q $4 $11)) 1-0

[Event "1.ceska liga"]
[Site "?"]
[Date "2006.01.08"]
[Round "5"]
[White "Kolar,  Pavel"]
[Black "Stross,  Frantisek"]
[Result "0-1"]
[WhiteElo "2168"]
[BlackElo "2227"]
[Annotator "Frantisek Stross"]
[PlyCount "38"]
[EventDate "2000.12.02"]

1. e4 c5 2. Nf3 e6 3. b3 Nf6 4. Nc3 ({Hrava se hlavne} 4. e5) 4... Nc6 5. Bb2
d5 6. exd5 exd5 7. Bb5 (7. d4) 7... d4 {Kdyz d4 nezahral souper, hraji to ja.
Podle me databaze se jedna o novy tah. A naprosto logicky. Zahani jezdce c3 a
uzavira diagonalu domovnikovi na b2.} 8. Qe2+ $6 (8. Ne2) 8... Be7 9. Bxc6+ {
Znehodnocena pescova struktura moc nevadi, prostorova prevaha a dvojice
strelcu ji vice nez vyvazuji.} bxc6 10. Na4 $2 {
Jiz Tarrasch rikal neco o jezdcich na kraji sachovnice..} (10. Ne4) 10... O-O
11. O-O Bg4 {Velice neprijemna vazba.} 12. Ba3 Re8 13. Qc4 $2 {
Vede k devastaci kralovskeho ukrytu.} ({Snad} 13. Qd3 {bylo mensim zlem.})
13... Bxf3 14. gxf3 Nd5 15. Rae1 ({Varianty typu} 15. Bxc5 Bxc5 16. Qxc5 Qg5+
17. Kh1 Qh5 18. Rg1 Qxf3+ 19. Rg2 Nf4 $19 {jsou dostatecne jasne.}) 15... Bd6
$1 {Rozhodujici tah. Proti obeti strelce na h2 nema bily dostacujici obranu.}
16. Rxe8+ Qxe8 17. Bxc5 Bxh2+ 18. Kh1 (18. Kxh2 Qe5+ 19. f4 Qxf4+ 20. Kh1 Qf3+
21. Kh2 Nf4 $19) 18... Qe6 19. Qxd4 Qh6 0-1

[Event "Teplice"]
[Site "?"]
[Date "2006.06.17"]
[Round "1"]
[White "Vnoucek,  Pavel"]
[Black "Stross,  Frantisek"]
[Result "0-1"]
[WhiteElo "1716"]
[BlackElo "2227"]
[Annotator "Frantisek Stross"]
[PlyCount "86"]
[EventDate "2000.12.01"]

1. e4 c5 2. c4 {
Vyhraju to na slabinu d4, blesklo mi hlavou okamzite po souperove tahu...} Nc6
{V intencich predchozi poznamky...} 3. Nf3 {Tak tohle me namichlo. Nyni by
totiz po pripadnem 3..g6 mohlo prijit 4.d4 s prechodem do Maroczyho vystavby,
ktera by se cernymi mohla vyhravat dosti nesnadno, zvlast kdyz ma bily
remizove umysly.} e6 {Holt to musim zkusit jinak.} 4. Nc3 Nf6 5. d4 (5. Be2 b6
$5) 5... cxd4 6. Nxd4 Bb4 7. Nxc6 dxc6 $1 {Driv jsem se obcas bal drzet se
zasady, ze se slabsimi hraci se ma chodit do koncovky, ale mnohaleta praxe mi
dokazuje, ze ono to opravdu funguje!} 8. Qxd8+ Kxd8 9. Bd3 {Letos v lize proti
mne zahral Michal Bujak 9.Sd2. Je kuriozni, ze ten samy hrac sedel na vedlejsi
sachovnici a se zajmem sledoval zahajeni teto partie.} e5 10. O-O Ke7 11. Bg5
h6 12. Bh4 g5 $1 {Tah f4 byl neprijemny, navic je ted cernopolny strelec
bileho docasne vyrazen ze hry.} 13. Bg3 Nd7 14. Ne2 a5 15. Rad1 f6 16. a4 $2 {
Naprosto zbytecne oslabeni, ted uz to bude hra na jednu branu.} Nc5 17. Bc2 Be6
18. b3 b5 $1 19. axb5 cxb5 20. cxb5 Nxb3 21. Bxb3 Bxb3 22. Rc1 Rhc8 23. Rc6 $2
Rxc6 24. bxc6 Bc4 25. Nc1 Bxf1 26. Kxf1 Rc8 {
Cekal jsem brzkou souperovu kapitulaci, ale to jsem se seredne spletl.} 27. f3
Rxc6 28. Nd3 Rc2 29. Bf2 Kd6 30. Bb6 Rd2 31. Nf2 a4 32. Be3 Rxf2+ 33. Kxf2 Bc5
{Tak ted? Zacinal jsem byt pomalu nervozni, protoze nas zapas na fotbalovem MS
se blizil.} 34. Bxc5+ {Zahrano po desetiminutovem premysleni. To uz jsem zacal
tusit, ze neco neni s mym souperem v poradku.} Kxc5 {Nyni prislo dalsi zhruba
desetiminutove premysleni bileho. To uz jsem zacal v duchu opravdu zurit,
protoze zapas nasi reprezentace byl jiz v plnem proudu.} 35. Kg3 {Tak toho a-pe
sce opravdu nestiham, ale jeste tu je silna protihra na kralovskem kridle!} Kd6
36. Kg4 Ke6 {
Vynikajici profylakticke tahy cerneho vsak veskere protihre bileho zamezily!}
37. Kh5 a3 38. Kxh6 a2 39. g3 a1=Q 40. h4 gxh4 41. gxh4 Qf1 {Sachovnici uz
jsem videl rude, takze neni divu, ze jsem nezahral okamzite odrezani po Dg1.}
42. h5 Kf7 43. Kh7 Qg2 {A nyni prisla pointa genialniho planu bileho. Prestoze
byl na tahu, v klidu se sebral a odesel sledovat deni na ostatnich
sachovnicich! To uz jsem ovsem nevydrzel a zavolal rozhodciho, ktery partii
ukoncil v muj prospech.} 0-1